Countries Bordering Unknown Country #27 - Statistics

General Stats
  • This quiz has been taken 525 times
  • The average score is 7 of 7
Answer Stats
Bordering Country Answer % Correct
N Niger
99%
B Benin
97%
G Ghana
97%
M Mali
97%
T Togo
97%
Burkina Faso
89%
C Cote d'Ivoire
85%
No matching quizzes found
Score Distribution
Percent of People with Each Score
Percentile by Number Answered
Your Score History
You have not taken this quiz